Stream of variation modeling and analysis for multistage manufacturing processes /

Bibliographic Details
Main Author: Shi, Jianjun, 1963-
Format: Book
Language:English
Published: Boca Raton, FL : CRC Press/Taylor & Francis, [2007]
Subjects:
Online Access:Publisher description

MARC

Tag First Indicator Second Indicator Subfields
LEADER 00000cam a22000004a 4500
001 in00002204012
005 20151104122613.0
008 060804s2007 flua b 001 0 eng
010 |a  2006049164 
015 |a GBA674967  |2 bnb 
016 7 |a 013542094  |2 Uk 
020 |a 0849321514 
020 |a 9780849321511 
024 3 |a 9780849321511 
035 |a (OCoLC)ocm70885031 
035 |a (OCoLC)70885031 
040 |a DLC  |c DLC  |d BAKER  |d UKM  |d C#P  |d UtOrBLW 
049 |a TXAM 
050 0 0 |a TS183  |b .S524 2007 
082 0 0 |a 658.5  |2 22 
100 1 |a Shi, Jianjun,  |d 1963- 
245 1 0 |a Stream of variation modeling and analysis for multistage manufacturing processes /  |c Jianjun Shi. 
264 1 |a Boca Raton, FL :  |b CRC Press/Taylor & Francis,  |c [2007] 
264 4 |c ©2007 
300 |a 469 pages :  |b illustrations ;  |c 25 cm. 
336 |a text  |b txt  |2 rdacontent 
337 |a unmediated  |b n  |2 rdamedia 
338 |a volume  |b nc  |2 rdacarrier 
504 |a Includes bibliographical references and index. 
650 0 |a Manufacturing processes  |x Statistical methods. 
856 4 2 |3 Publisher description  |u http://www.loc.gov/catdir/enhancements/fy0666/2006049164-d.html  |t 0 
938 |a Baker & Taylor  |b BKTY  |c 129.95  |d 129.95  |i 0849321514  |n 0006662694  |s active 
945 |a PromptCat  |b 39037 
946 |a stk 
947 |a A14835502872 
948 |a cataloged  |b h  |c 2007/1/18  |d c  |e ceaton  |f 11:07:43 am 
994 |a 92  |b TXA 
999 |a MARS 
999 f f |s 423a7c8a-7ffe-3e55-be14-a285a65e87a2  |i 8e6962f7-7bdf-3183-b35b-d472b149cf5f  |t 0 
952 f f |p ric  |a Texas A&M University  |b Rellis Campus  |c Joint Library Facility  |d Remote Storage  |t 0  |e TS183 .S524 2007  |h Library of Congress classification  |i unmediated -- volume  |m A14835502872 
998 f f |a TS183 .S524 2007  |t 0  |l Remote Storage